000 00568nam a2200181Ia 4500
008 100921s9999 xx 000 0 und d
082 _b12711
_a891.468 थ 77
100 _aभावे पुरूषोत्तम भास्कर.
245 _aरांगोळी.
260 _bधुमाळ दि. मा.
_c1977
300 _a184
_b---
365 _b13
520 _aललित-संकीर्ण.
630 _aरांगोळी.
650 _aललित-संकीर्ण.
730 _aरांगोळी.
942 _cBOOK
999 _c761824
_d761821